[Event "Rubinstein Memorial"]
[Site "Polanica Zdroj"]
[Date "1991.??.??"]
[Round "7"]
[White "Smejkal, Jan"]
[Black "Adorjan, Andras"]
[Result "1/2-1/2"]
[WhiteElo "2555"]
[BlackElo "2530"]
[Annotator "Ribli"]
[PlyCount "40"]
[EventDate "1991.09.??"]
[EventType "tourn"]
[EventRounds "11"]
[EventCountry "POL"]
[EventCategory "11"]
[Source "ChessBase"]
[SourceDate "1992.02.01"]
[WhiteTeamCountry "GER"]
[BlackTeamCountry "GER"]

1. c4 g6 2. Nf3 Bg7 3. d4 Nf6 4. g3 c5 5. Bg2 cxd4 6. Nxd4 Nc6 7. O-O O-O 8.
Nc3 Ng4 9. e3 d6 10. b3 Nxd4 11. exd4 Nh6 12. Bd2 Rb8 $1 (12... Nf5 $6 13. d5
a6 14. a4 Bd7 15. Re1 Rb8 16. Bf1 $1 $14 {
Hansen,Cu-Hellers,F  Amsterdam OHRA-B 1990  50/(55)  CBM/20}) 13. d5 (13. a4 a6
14. Re1 Bd7 15. Bf1 Bxd4 $1 16. Nd5 Nf5 17. g4 e6 $15) 13... a6 14. a4 Bd7 15.
Re1 b5 16. axb5 axb5 17. cxb5 Bxb5 18. Nxb5 Rxb5 19. Bxh6 Bxh6 20. Bf1 Rb7
1/2-1/2

[Event "Rubinstein Memorial"]
[Site "Polanica Zdroj"]
[Date "1991.??.??"]
[Round "8"]
[White "Wojtkiewicz, Aleksander"]
[Black "Adorjan, Andras"]
[Result "1/2-1/2"]
[WhiteElo "2510"]
[BlackElo "2530"]
[PlyCount "30"]
[EventDate "1991.09.??"]
[EventType "tourn"]
[EventRounds "11"]
[EventCountry "POL"]
[EventCategory "11"]
[Source "ChessBase"]
[SourceDate "1992.02.01"]
[WhiteTeamCountry "GER"]
[BlackTeamCountry "GER"]

1. Nf3 Nf6 2. c4 b6 3. g3 c5 4. Bg2 Bb7 5. Nc3 g6 6. O-O Bg7 7. d4 cxd4 8. Qxd4
d6 9. Be3 Nbd7 10. Rfd1 O-O 11. Qh4 a6 12. Bh6 Rc8 13. Bxg7 Kxg7 14. Rac1 Re8
15. Qf4 Rc5 1/2-1/2

[Event "Rubinstein Memorial"]
[Site "Polanica Zdroj"]
[Date "1991.??.??"]
[Round "9"]
[White "Adorjan, Andras"]
[Black "Mainka, Romuald"]
[Result "1-0"]
[WhiteElo "2530"]
[BlackElo "2445"]
[Annotator "Ribli"]
[PlyCount "65"]
[EventDate "1991.09.??"]
[EventType "tourn"]
[EventRounds "11"]
[EventCountry "POL"]
[EventCategory "11"]
[Source "ChessBase"]
[SourceDate "1992.02.01"]
[WhiteTeamCountry "GER"]
[BlackTeamCountry "GER"]

1. c4 e5 2. Nc3 Bb4 3. Nd5 a5 4. g3 (4. a3 Bc5 5. e3 Nf6 6. d4 Nxd5 7. cxd5 (7.
dxc5 $5) 7... exd4 8. exd4 Be7 9. Bd3 d6 10. h3 Nd7 11. Ne2 Nb6 12. Nc3 $13 {
Danielian,O-Maljutin,E  Jurmala 1991  CBM/24}) 4... Nf6 5. Bg2 O-O 6. Nf3 Nxd5
(6... Nc6 7. O-O d6 8. d3 h6 $13) 7. cxd5 Re8 8. O-O c6 9. d4 $1 e4 10. Ng5
cxd5 11. Qb3 h6 12. Nh3 Nc6 13. Qxd5 $14 a4 14. a3 Ra5 15. Qa2 Bf8 16. Bd2 Rb5
17. d5 $14 Na5 18. Bc3 Nb3 19. Rad1 Qc7 20. Nf4 Bd6 21. e3 Bxf4 22. exf4 d6 23.
Rfe1 Bf5 24. Qb1 Rf8 25. Bxe4 Bg4 26. f3 Bh3 27. Bf5 Qc5+ 28. Kh1 Bxf5 29. Qxf5
Qf2 30. Qg4 g6 31. Re6 Qc2 32. Rde1 Rc5 (32... fxe6 33. Qxe6+ Rf7 34. Qe8+ Rf8
35. Qd7 Rf7 36. Re8+ $18) (32... Rxd5 33. Re8 $18) 33. f5 $1 1-0

[Event "Rubinstein Memorial"]
[Site "Polanica Zdroj"]
[Date "1991.??.??"]
[Round "10"]
[White "Kuczynski, Robert"]
[Black "Adorjan, Andras"]
[Result "1/2-1/2"]
[WhiteElo "2480"]
[BlackElo "2530"]
[PlyCount "37"]
[EventDate "1991.09.??"]
[EventType "tourn"]
[EventRounds "11"]
[EventCountry "POL"]
[EventCategory "11"]
[Source "ChessBase"]
[SourceDate "1992.02.01"]
[WhiteTeamCountry "GER"]
[BlackTeamCountry "GER"]

1. e4 c5 2. Nf3 e6 3. d4 cxd4 4. Nxd4 Nf6 5. Nc3 d6 6. f4 a6 7. Be2 Be7 8. O-O
O-O 9. a4 Nc6 10. Be3 Qc7 11. Qe1 e5 12. Nb3 Nb4 13. Rc1 Be6 14. Nd2 d5 15.
fxe5 Qxe5 16. Qf2 dxe4 17. Bd4 e3 18. Bxe3 Rac8 19. Nf3 1/2-1/2

[Event "HUN-ch"]
[Site "Budapest"]
[Date "1991.??.??"]
[Round "2"]
[White "Tolnai, Tibor"]
[Black "Adorjan, Andras"]
[Result "1/2-1/2"]
[WhiteElo "2480"]
[BlackElo "2530"]
[PlyCount "115"]
[EventDate "1991.12.??"]
[EventType "tourn"]
[EventRounds "9"]
[EventCountry "HUN"]
[EventCategory "12"]
[Source "ChessBase"]
[SourceDate "1992.04.01"]
[WhiteTeamCountry "GER"]
[BlackTeamCountry "GER"]

1. e4 c6 2. Nc3 d5 3. Nf3 Bg4 4. h3 Bxf3 5. Qxf3 e6 6. d3 Nd7 7. Be2 g6 8. O-O
Bg7 9. Qg3 Ne7 10. Kh1 O-O 11. f4 f5 12. e5 d4 13. Nb1 Nd5 14. c4 dxc3 15. bxc3
g5 16. d4 gxf4 17. Bxf4 Nxf4 18. Qxf4 Nb6 19. Bf3 Nd5 20. Bxd5 Qxd5 21. Nd2 c5
22. Nf3 cxd4 23. cxd4 Rac8 24. Rfc1 b5 25. Qh4 Qd7 26. Rc5 Rxc5 27. dxc5 Rc8
28. Rc1 a5 29. a3 Bf8 30. Nd4 Rxc5 31. Qg5+ Kh8 32. Rxc5 Bxc5 33. Qf6+ Kg8 34.
Qg5+ Kh8 35. Qf6+ Kg8 36. Qg5+ Kf8 37. Qf6+ Ke8 38. Nf3 b4 39. axb4 axb4 40.
Qh6 b3 41. Qc1 Qb5 42. Qh6 Qc4 43. Qh5+ Kd8 44. Qg5+ Kd7 45. Qd2+ Kc7 46. Kh2
Qb4 47. Qb2 Be3 48. h4 Qc4 49. Kh3 Bc5 50. Qd2 Qb4 51. Qb2 Qa3 52. Qxa3 Bxa3
53. Nd4 b2 54. Nb5+ Kc6 55. Nxa3 Kc5 56. g4 Kb4 57. Nb1 fxg4+ 58. Kxg4 1/2-1/2

[Event "HUN-ch"]
[Site "Budapest"]
[Date "1991.??.??"]
[Round "4"]
[White "Portisch, Lajos"]
[Black "Adorjan, Andras"]
[Result "1/2-1/2"]
[WhiteElo "2570"]
[BlackElo "2530"]
[Annotator "Ftacnik,L"]
[PlyCount "83"]
[EventDate "1991.12.??"]
[EventType "tourn"]
[EventRounds "9"]
[EventCountry "HUN"]
[EventCategory "12"]
[Source "ChessBase"]
[SourceDate "1992.04.01"]
[WhiteTeamCountry "GER"]
[BlackTeamCountry "GER"]

1. d4 Nf6 2. c4 g6 3. Nc3 d5 4. cxd5 Nxd5 5. e4 Nxc3 6. bxc3 Bg7 7. Be3 c5 8.
Qd2 Qa5 9. Rb1 b6 $5 {N} (9... cxd4 10. cxd4 Qxd2+ 11. Kxd2) (9... a6) 10. Rb5
(10. Bb5+ Bd7 11. Bxd7+ Nxd7 12. Nf3 O-O $10) 10... Qa4 11. Rb3 O-O (11... Ba6
12. Bxa6 Nxa6 13. Ne2 $13) 12. Bb5 Qa5 13. Ne2 $6 (13. Nf3 $5 Bg4 $13) 13... a6
14. Bd3 (14. Bc4 Bb7 $22 15. d5 b5 16. Bd3 Bxd5 17. exd5 c4 $132) 14... Nc6 15.
d5 (15. O-O cxd4 16. cxd4 Nxd4 17. Qxa5 Nxe2+ 18. Bxe2 bxa5 19. Ra3 Bb7 20. f3
Rfd8 21. Rxa5 Bd4 $10) 15... Ne5 16. O-O (16. c4 Qxd2+ 17. Bxd2 f5 18. exf5
Nxd3+ 19. Rxd3 Bxf5 $36) 16... f5 $1 (16... c4 $2 17. Bxb6 Qa4 18. Rb4) 17.
Rbb1 (17. exf5 c4 18. Bxb6 Qxd5 19. Nf4 Qf7 $17) 17... Nxd3 (17... fxe4 18.
Bxe4 Nc4 19. Qd3 Nxe3 20. Qxe3 $36) 18. Qxd3 Qxa2 (18... fxe4 19. Qc4 $132) 19.
Rxb6 (19. Ra1 fxe4 $17) 19... fxe4 20. Qd2 (20. Qd1 Bg4 21. Re1 Rfd8 $17) 20...
Qxd2 21. Bxd2 a5 (21... Rd8 22. c4 $13) 22. Ra1 (22. Rc6 Ba6 23. Re1 a4 $17)
22... Rd8 23. Rc6 (23. Nf4 e5 $1) 23... Rxd5 24. Be3 Bd7 25. Rxc5 Rxc5 26. Bxc5
Kf7 $17 27. Rb1 Rc8 (27... a4 28. Ba3) 28. Ba3 Bf6 (28... Bxc3 29. Rb7 Ke8 30.
Nxc3 Rxc3 31. Bb2 Rc5 $17) 29. h3 Rc7 30. Rb6 Ba4 (30... a4 31. Bb4) 31. Bb2
Rd7 32. Nd4 e5 33. Nb5 Bxb5 (33... Rd2 $2 34. Nd6+ Ke7 35. Nxe4) 34. Rxb5 Ra7
35. c4 a4 36. Ba3 Be7 37. c5 Ke6 38. Kf1 Kd5 39. Ke2 Ra6 (39... Kc4 40. Rb4+)
40. Rb7 Bxc5 41. Rb5 Rc6 42. Ra5 {Ftacnik,L} (42. Ra5 Kd6 43. Bxc5+ Rxc5 44.
Rxa4 $15) 1/2-1/2

[Event "HUN-ch"]
[Site "Budapest"]
[Date "1991.??.??"]
[Round "6"]
[White "Adorjan, Andras"]
[Black "Groszpeter, Attila"]
[Result "1/2-1/2"]
[WhiteElo "2530"]
[BlackElo "2480"]
[PlyCount "39"]
[EventDate "1991.12.??"]
[EventType "tourn"]
[EventRounds "9"]
[EventCountry "HUN"]
[EventCategory "12"]
[Source "ChessBase"]
[SourceDate "1992.04.01"]
[WhiteTeamCountry "GER"]
[BlackTeamCountry "GER"]

1. Nf3 Nf6 2. c4 g6 3. d4 Bg7 4. g3 O-O 5. Bg2 d6 6. O-O Nbd7 7. Nc3 e5 8. h3
exd4 9. Nxd4 Re8 10. e4 a6 11. Be3 Rb8 12. a4 Ne5 13. b3 Bd7 14. Re1 c5 15.
Nde2 Bc6 16. Qc2 b5 17. cxb5 axb5 18. axb5 Bxb5 19. Nxb5 Rxb5 20. f4 1/2-1/2

[Event "HUN-ch"]
[Site "Budapest"]
[Date "1991.??.??"]
[Round "8"]
[White "Adorjan, Andras"]
[Black "Sax, Gyula"]
[Result "1/2-1/2"]
[WhiteElo "2530"]
[BlackElo "2600"]
[PlyCount "26"]
[EventDate "1991.12.??"]
[EventType "tourn"]
[EventRounds "9"]
[EventCountry "HUN"]
[EventCategory "12"]
[Source "ChessBase"]
[SourceDate "1992.04.01"]
[WhiteTeamCountry "GER"]
[BlackTeamCountry "GER"]

1. c4 c5 2. Nc3 g6 3. g3 Bg7 4. Bg2 Nc6 5. e3 e6 6. Nge2 Nge7 7. d4 cxd4 8.
Nxd4 d5 9. cxd5 Nxd4 10. exd4 Nxd5 11. Nxd5 exd5 12. O-O O-O 13. Qb3 Be6
1/2-1/2

[Event "HUN-chT"]
[Site "Hungary"]
[Date "1992.??.??"]
[Round "?"]
[White "Adorjan, Andras"]
[Black "Horvath, Gyula"]
[Result "1-0"]
[WhiteElo "2535"]
[BlackElo "2420"]
[PlyCount "93"]
[EventDate "1992.??.??"]
[EventType "team"]
[EventRounds "14"]
[EventCountry "HUN"]
[Source "ChessBase"]
[SourceDate "1999.11.16"]
[WhiteTeamCountry "GER"]
[BlackTeamCountry "GER"]

1. c4 c5 2. Nc3 g6 3. g3 Bg7 4. Bg2 Nc6 5. a3 a6 6. Rb1 Rb8 7. b4 cxb4 8. axb4
b5 9. cxb5 axb5 10. Nf3 d6 11. d4 Bg4 12. Be3 Nh6 13. Nh4 Bd7 14. h3 O-O 15.
O-O Na7 16. Qd2 Nf5 17. Nxf5 Bxf5 18. Ra1 Nc8 19. Bh6 Nb6 20. Bxg7 Kxg7 21. d5
Bd7 22. Ra7 Kg8 23. Kh2 Ra8 24. Rxa8 Qxa8 25. Qe3 Nc8 26. Ne4 Qb7 27. Nd2 Qb6
28. Qa3 Qd4 29. Nb3 Qe5 30. e3 h5 31. Qa1 Qxa1 32. Rxa1 Nb6 33. Ra7 Rb8 34. Nd4
e6 35. Nc6 Bxc6 36. dxc6 d5 37. Rb7 Rxb7 38. cxb7 Nd7 39. Bf1 Kf8 40. Bxb5 Nb8
41. f4 Ke7 42. Kg2 f6 43. Bd3 Kf7 44. e4 dxe4 45. Bxe4 f5 46. Bc2 Kf6 47. Kf3
1-0

[Event "HUN-chT"]
[Site "Hungary"]
[Date "1992.??.??"]
[Round "?"]
[White "Adorjan, Andras"]
[Black "Nemeth, Zoltan"]
[Result "1/2-1/2"]
[WhiteElo "2535"]
[BlackElo "2360"]
[PlyCount "49"]
[EventDate "1992.??.??"]
[EventType "team"]
[EventRounds "14"]
[EventCountry "HUN"]
[Source "ChessBase"]
[SourceDate "1999.11.16"]
[WhiteTeamCountry "GER"]
[BlackTeamCountry "GER"]

1. c4 e6 2. Nc3 d5 3. d4 dxc4 4. e4 a6 5. a4 c5 6. d5 Nf6 7. Bxc4 exd5 8. Nxd5
Nxd5 9. Bxd5 Be7 10. Nf3 Be6 11. Qb3 Bxd5 12. exd5 b6 13. O-O O-O 14. Ne5 Bf6
15. Bf4 Bxe5 16. Bxe5 Nd7 17. Bg3 Re8 18. Rfe1 Qf6 19. Bc7 Rac8 20. d6 Re5 21.
Qd3 Rce8 22. Rxe5 Qxe5 23. Qxa6 Qxb2 24. Qf1 c4 25. Rb1 1/2-1/2

[Event "HUN-chT"]
[Site "Hungary"]
[Date "1992.??.??"]
[Round "?"]
[White "Barbero, Gerardo F"]
[Black "Adorjan, Andras"]
[Result "0-1"]
[WhiteElo "2485"]
[BlackElo "2535"]
[PlyCount "80"]
[EventDate "1992.??.??"]
[EventType "team"]
[EventRounds "14"]
[EventCountry "HUN"]
[Source "ChessBase"]
[SourceDate "1999.11.16"]
[WhiteTeamCountry "GER"]
[BlackTeamCountry "GER"]

1. d4 Nf6 2. c4 g6 3. Nf3 Bg7 4. g3 c5 5. Bg2 cxd4 6. Nxd4 O-O 7. Nc3 Nc6 8.
Nc2 d6 9. O-O Be6 10. b3 Qd7 11. Re1 Bh3 12. Bh1 Ng4 13. Bd2 Qf5 14. f3 Qc5+
15. e3 Nf6 16. Rc1 a6 17. a4 Rfd8 18. Ne2 Rac8 19. Ncd4 Nb4 20. Nf4 Bd7 21. Nc2
Nxc2 22. Qxc2 b5 23. axb5 axb5 24. Qd3 Qb6 25. cxb5 Bxb5 26. Qb1 e5 27. Nd3
Rxc1 28. Rxc1 Bh6 29. Re1 Rc8 30. Nf2 Nd5 31. Ng4 Bg7 32. Rc1 Rxc1+ 33. Qxc1
Bd7 34. Qc4 Be6 35. Qd3 Nb4 36. Qb1 h5 37. Nf2 d5 38. Nd3 Bf5 39. Bxb4 Qxe3+
40. Kg2 e4 0-1

[Event "HUN-chT"]
[Site "Hungary"]
[Date "1992.??.??"]
[Round "?"]
[White "Groszpeter, Attila"]
[Black "Adorjan, Andras"]
[Result "1-0"]
[WhiteElo "2495"]
[BlackElo "2535"]
[PlyCount "101"]
[EventDate "1992.??.??"]
[EventType "team"]
[EventRounds "14"]
[EventCountry "HUN"]
[Source "ChessBase"]
[SourceDate "1999.11.16"]
[WhiteTeamCountry "GER"]
[BlackTeamCountry "GER"]

1. d4 Nf6 2. c4 g6 3. Nc3 d5 4. Bg5 Bg7 5. Bxf6 Bxf6 6. cxd5 c6 7. e3 cxd5 8.
Bb5+ Bd7 9. Bxd7+ Qxd7 10. Qf3 O-O 11. Qxd5 Rd8 12. Qxd7 Nxd7 13. f4 Rac8 14.
Nf3 b5 15. Kd2 a6 16. Rac1 Nb6 17. b3 e6 18. Ne2 Nd5 19. Rxc8 Rxc8 20. Rc1 Rxc1
21. Nxc1 Bd8 22. Ne5 Ba5+ 23. Kd3 Be1 24. g3 f5 25. Nc6 Bf2 26. e4 fxe4+ 27.
Kxe4 Kf7 28. Nd3 Bg1 29. Kf3 Nc3 30. a3 Nb1 31. a4 bxa4 32. bxa4 Nc3 33. Nc5 a5
34. h3 h6 35. Nxa5 Bxd4 36. Nab3 Bg1 37. a5 Nb5 38. Nd3 Kf6 39. Ne5 g5 40. Ng4+
Kg6 41. Ne3 h5 42. fxg5 Kxg5 43. h4+ Kf6 44. a6 e5 45. Nc1 Na7 46. Ne2 Bxe3 47.
Kxe3 Kf5 48. Kf3 Nb5 49. Nc3 Na7 50. Ne4 Ke6 51. g4 1-0

[Event "HUN-chT"]
[Site "Hungary"]
[Date "1992.??.??"]
[Round "?"]
[White "Istvandi, Lajos"]
[Black "Adorjan, Andras"]
[Result "0-1"]
[WhiteElo "2390"]
[BlackElo "2535"]
[PlyCount "80"]
[EventDate "1992.??.??"]
[EventType "team"]
[EventRounds "14"]
[EventCountry "HUN"]
[Source "ChessBase"]
[SourceDate "1999.11.16"]
[WhiteTeamCountry "GER"]
[BlackTeamCountry "GER"]

1. e4 c5 2. Nf3 e6 3. d4 cxd4 4. Nxd4 Nf6 5. Nc3 d6 6. Be3 a6 7. g4 h5 8. gxh5
b5 9. Bg2 Bb7 10. a3 Nbd7 11. Qe2 Rc8 12. Bd2 Ne5 13. O-O-O Qb6 14. f4 Nc4 15.
e5 Bxg2 16. Qxg2 dxe5 17. fxe5 Nxh5 18. Nb3 Be7 19. Rhe1 Qc6 20. Qxc6+ Rxc6 21.
Nd4 Rc7 22. Nf3 Nxd2 23. Kxd2 Nf4 24. Re4 Ng6 25. Ne2 Rh3 26. Neg1 Rh5 27. Rde1
Rc5 28. c4 bxc4 29. Kc3 Rb5 30. Rxc4 Nxe5 31. Nxe5 Rhxe5 32. Rd1 Red5 33. Rxd5
exd5 34. Rc8+ Kd7 35. Ra8 Bf6+ 36. Kd3 Rb3+ 37. Ke2 Rxb2+ 38. Kf1 Rxh2 39. Rxa6
Bd4 40. Nf3 Rf2+ 0-1

[Event "HUN-chT"]
[Site "Hungary"]
[Date "1992.??.??"]
[Round "1"]
[White "Adorjan, Andras"]
[Black "Farago, Ivan"]
[Result "1/2-1/2"]
[WhiteElo "2535"]
[BlackElo "2520"]
[PlyCount "75"]
[EventDate "1992.??.??"]
[EventType "team"]
[EventRounds "14"]
[EventCountry "HUN"]
[Source "ChessBase"]
[SourceDate "1999.11.16"]
[WhiteTeamCountry "GER"]
[BlackTeamCountry "GER"]

1. Nf3 Nf6 2. c4 c5 3. Nc3 Nc6 4. d4 cxd4 5. Nxd4 e6 6. g3 Qb6 7. Ndb5 Bc5 8.
Nd6+ Ke7 9. Nde4 Nxe4 10. Nxe4 Bb4+ 11. Bd2 Rd8 12. Bg2 d5 13. cxd5 exd5 14.
Nc3 Be6 15. O-O Kf8 16. Na4 Qa5 17. Bxb4+ Qxb4 18. Rc1 Rac8 19. a3 Qe7 20. Nc5
Kg8 21. Qa4 b5 22. Qf4 Na5 23. Nxe6 fxe6 24. Bh3 Rxc1 25. Rxc1 Nc4 26. Rc2 e5
27. Qc1 Qf6 28. b3 Nd6 29. Rc6 d4 30. Bg2 Qf5 31. Bd5+ Kh8 32. Qc5 Ne4 33. Bxe4
Qxe4 34. Rc8 Qb1+ 35. Kg2 Qe4+ 36. Kg1 Qb1+ 37. Kg2 Qe4+ 38. Kg1 1/2-1/2

[Event "HUN-chT"]
[Site "Hungary"]
[Date "1992.??.??"]
[Round "1"]
[White "Adorjan, Andras"]
[Black "Meszaros, Andras"]
[Result "0-1"]
[WhiteElo "2535"]
[BlackElo "2310"]
[PlyCount "80"]
[EventDate "1992.??.??"]
[EventType "team"]
[EventRounds "14"]
[EventCountry "HUN"]
[Source "ChessBase"]
[SourceDate "1999.11.16"]
[WhiteTeamCountry "GER"]
[BlackTeamCountry "GER"]

1. d4 Nf6 2. Nf3 g6 3. c4 Bg7 4. g3 O-O 5. Bg2 d6 6. O-O Nbd7 7. Nc3 e5 8. h3
Re8 9. Re1 exd4 10. Nxd4 a6 11. b3 Nc5 12. e4 Bd7 13. Bf4 h6 14. g4 h5 15. f3
b5 16. cxb5 axb5 17. Ncxb5 Qb8 18. a4 Nd5 19. Bg3 h4 20. Bxh4 Nf4 21. Bg3 Ncd3
22. Re3 Bxb5 23. Nxb5 Qb6 24. Qd2 Bxa1 25. Kh2 Be5 26. Rxd3 Nxd3 27. Qxd3 Bxg3+
28. Kxg3 Rab8 29. h4 Re5 30. Bf1 Qg1+ 31. Kh3 d5 32. Bg2 dxe4 33. fxe4 Qc5 34.
Qg3 Rd8 35. b4 Qe7 36. Na7 Re6 37. b5 Qc5 38. Nc6 Rd2 39. e5 Qc4 40. Kh2 Qxa4
0-1

[Event "Shenzhen"]
[Site "Shenzhen"]
[Date "1992.??.??"]
[Round "1"]
[White "Ye Rongguang"]
[Black "Adorjan, Andras"]
[Result "1/2-1/2"]
[WhiteElo "2540"]
[BlackElo "2550"]
[PlyCount "20"]
[EventDate "1992.??.??"]
[EventType "tourn"]
[EventRounds "11"]
[EventCountry "CHN"]
[EventCategory "11"]
[Source "ChessBase"]
[SourceDate "1992.12.01"]
[WhiteTeamCountry "GER"]
[BlackTeamCountry "GER"]

1. c4 c5 2. Nc3 g6 3. g3 Bg7 4. Bg2 Nc6 5. a3 b6 6. e3 Bb7 7. Nge2 Na5 8. Bxb7
Nxb7 9. d4 cxd4 10. exd4 Nf6 1/2-1/2

[Event "Shenzhen"]
[Site "Shenzhen"]
[Date "1992.??.??"]
[Round "4"]
[White "Wang Zili"]
[Black "Adorjan, Andras"]
[Result "1/2-1/2"]
[WhiteElo "2505"]
[BlackElo "2550"]
[PlyCount "89"]
[EventDate "1992.??.??"]
[EventType "tourn"]
[EventRounds "11"]
[EventCountry "CHN"]
[EventCategory "11"]
[Source "ChessBase"]
[SourceDate "1992.12.01"]
[WhiteTeamCountry "GER"]
[BlackTeamCountry "GER"]

1. e4 c6 2. Nc3 d5 3. d4 dxe4 4. Nxe4 Nd7 5. Ng5 Ngf6 6. Bd3 e6 7. N1f3 Be7 8.
Qe2 O-O 9. c3 c5 10. O-O cxd4 11. Nxd4 Nc5 12. Bc2 b6 13. Rd1 Ba6 14. Qf3 Qe8
15. b4 Bb7 16. Qh3 Nce4 17. Re1 Nxg5 18. Bxg5 g6 19. Bb3 Ne4 20. Nxe6 Nxg5 21.
Nxg5 Bxg5 22. Rxe8 Raxe8 23. Qg3 Bf6 24. h4 Kg7 25. Rd1 Re7 26. h5 Rfe8 27. Ba4
Re1+ 28. Rxe1 Rxe1+ 29. Kh2 Re4 30. f3 Be5 31. fxe4 Kf6 32. hxg6 fxg6 33. Bc2
h5 34. Kh3 Bc8+ 35. Kh4 Bxg3+ 36. Kxg3 g5 37. Kf3 Ke5 38. Ke3 h4 39. Bd1 g4 40.
c4 Be6 41. c5 bxc5 42. bxc5 h3 43. gxh3 gxh3 44. a3 Bd7 45. Bf3 1/2-1/2

[Event "Shenzhen"]
[Site "Shenzhen"]
[Date "1992.??.??"]
[Round "5"]
[White "Adorjan, Andras"]
[Black "Lin Weiguo"]
[Result "0-1"]
[WhiteElo "2550"]
[BlackElo "2495"]
[PlyCount "122"]
[EventDate "1992.??.??"]
[EventType "tourn"]
[EventRounds "11"]
[EventCountry "CHN"]
[EventCategory "11"]
[Source "ChessBase"]
[SourceDate "1992.12.01"]
[WhiteTeamCountry "GER"]
[BlackTeamCountry "GER"]

1. c4 e5 2. Nc3 Nc6 3. Nf3 Nf6 4. g3 d5 5. cxd5 Nxd5 6. Bg2 Nb6 7. O-O Be7 8.
Rb1 O-O 9. b4 a6 10. a3 Re8 11. d3 Bf8 12. Bb2 Nd4 13. Nd2 c6 14. e3 Nb5 15.
Nf3 Nxc3 16. Bxc3 f6 17. Qc2 Bf5 18. e4 Bg6 19. Nh4 Bf7 20. Bh3 Qc7 21. Kh1
Rad8 22. Bd2 Be6 23. Bxe6+ Rxe6 24. Be3 Nc8 25. Rfd1 Qf7 26. a4 Red6 27. Kg2
R6d7 28. Bc5 g6 29. Bxf8 Qxf8 30. Nf3 Kg7 31. Rd2 Qe7 32. Qc3 Nb6 33. Qb3 Qf7
34. Qc2 Qe7 35. Qb3 Na8 36. b5 axb5 37. axb5 c5 38. Ra1 Nb6 39. Qc3 Rc7 40. h3
Rd6 41. Rc1 Qe8 42. Kh2 Rc8 43. Qa5 Nd7 44. Qa3 Ra8 45. Qc3 Ra4 46. Rb2 Qa8 47.
Rcc2 c4 48. dxc4 Nc5 49. Nxe5 Ra3 50. Qb4 b6 51. Nc6 Ra1 52. Rb1 Rd1 53. Rxd1
Rxd1 54. Rd2 Qa1 55. Rxd1 Qxd1 56. Qc3 Nxe4 57. Qd4 Nd2 58. Qd5 h5 59. Nd4 Qe1
60. Qb7+ Kh6 61. Qxb6 Qxf2+ 0-1

[Event "Shenzhen"]
[Site "Shenzhen"]
[Date "1992.??.??"]
[Round "6"]
[White "Xu Jun"]
[Black "Adorjan, Andras"]
[Result "0-1"]
[WhiteElo "2540"]
[BlackElo "2550"]
[Annotator "Ribli"]
[PlyCount "68"]
[EventDate "1992.??.??"]
[EventType "tourn"]
[EventRounds "11"]
[EventCountry "CHN"]
[EventCategory "11"]
[Source "ChessBase"]
[SourceDate "1992.12.01"]
[WhiteTeamCountry "GER"]
[BlackTeamCountry "GER"]

1. Nf3 c5 2. c4 Nf6 3. Nc3 Nc6 4. d4 cxd4 5. Nxd4 e6 6. a3 Be7 7. e4 (7. Bf4 $5
d5 (7... O-O $5) 8. cxd5 Nxd5 9. Nxc6 bxc6 10. Bd2 Bf6 11. Qc2 Rb8 12. e3 O-O
13. Bd3 h6 14. O-O $14 {Speelman,J-Lutz,C  Munich 1992  CBM/30  54/41}) 7...
O-O 8. Nb3 $6 (8. Be2 d5 $1 $10 {Bagirov,V-Schlosser,P  Brno-B 1991  CBM/26})
8... b6 $1 9. Be2 Ba6 $1 (9... Bb7 10. Bf4 d6 11. O-O Rc8 $13 {
Kortschnoj,V-Greenfeld,A  Beersheba 1992 CBM/30  54/40}) 10. Be3 Rc8 11. f4 d6
12. Bd3 $2 (12. Rc1 $5) 12... Nd7 $1 13. Be2 $2 (13. O-O Nc5 14. Nxc5 bxc5 $13)
13... Nc5 14. Nd2 Bh4+ $1 15. g3 Bf6 16. Rc1 Nd4 17. Bf1 e5 18. b4 (18. Nd5
exf4 $17) 18... Nce6 19. f5 Bg5 $1 20. Nd5 (20. Bxg5 Qxg5 $1 21. fxe6 fxe6 $44)
20... Nc7 21. Qg4 Bxe3 22. Nxe3 Ne8 $1 23. Qd1 Nf6 24. b5 Bb7 25. Bg2 Qc7 26.
g4 Qc5 $1 27. g5 Ne6 $1 $19 28. Nc2 Nxg5 29. Qe2 h6 30. h4 Ngh7 31. Rb1 d5 $1
32. exd5 Nxd5 33. Bxd5 Bxd5 34. Ne3 Bxh1 0-1

[Event "Shenzhen"]
[Site "Shenzhen"]
[Date "1992.??.??"]
[Round "7"]
[White "Adorjan, Andras"]
[Black "Xu Jun"]
[Result "1/2-1/2"]
[WhiteElo "2550"]
[BlackElo "2480"]
[PlyCount "29"]
[EventDate "1992.??.??"]
[EventType "tourn"]
[EventRounds "11"]
[EventCountry "CHN"]
[EventCategory "11"]
[Source "ChessBase"]
[SourceDate "1992.12.01"]
[WhiteTeamCountry "GER"]
[BlackTeamCountry "GER"]

1. c4 Nf6 2. Nc3 g6 3. Nf3 Bg7 4. e4 d6 5. d4 O-O 6. Be2 e5 7. dxe5 dxe5 8.
Qxd8 Rxd8 9. Bg5 Re8 10. Nd5 Nxd5 11. cxd5 c6 12. Bc4 cxd5 13. Bxd5 Na6 14. Ke2
Nc7 15. Bc4 1/2-1/2

[Event "Shenzhen"]
[Site "Shenzhen"]
[Date "1992.??.??"]
[Round "8"]
[White "Antonio, Rogelio"]
[Black "Adorjan, Andras"]
[Result "1/2-1/2"]
[WhiteElo "2520"]
[BlackElo "2550"]
[PlyCount "20"]
[EventDate "1992.??.??"]
[EventType "tourn"]
[EventRounds "11"]
[EventCountry "CHN"]
[EventCategory "11"]
[Source "ChessBase"]
[SourceDate "1992.12.01"]
[WhiteTeamCountry "GER"]
[BlackTeamCountry "GER"]

1. e4 c6 2. d4 d5 3. Nd2 dxe4 4. Nxe4 Nd7 5. Bd3 Ngf6 6. Ng5 e6 7. N1f3 Be7 8.
Qe2 h6 9. Ne4 Nxe4 10. Bxe4 Qb6 1/2-1/2

[Event "Shenzhen"]
[Site "Shenzhen"]
[Date "1992.??.??"]
[Round "9"]
[White "Adorjan, Andras"]
[Black "Liang Jinrong"]
[Result "1/2-1/2"]
[WhiteElo "2550"]
[BlackElo "2480"]
[PlyCount "30"]
[EventDate "1992.??.??"]
[EventType "tourn"]
[EventRounds "11"]
[EventCountry "CHN"]
[EventCategory "11"]
[Source "ChessBase"]
[SourceDate "1992.12.01"]
[WhiteTeamCountry "GER"]
[BlackTeamCountry "GER"]

1. d4 d5 2. c4 e6 3. Nc3 Be7 4. cxd5 exd5 5. Bf4 c6 6. e3 Bf5 7. Nge2 Nd7 8.
Ng3 Bg6 9. Be2 Ngf6 10. h4 h6 11. h5 Bh7 12. Bd3 Qb6 13. Rb1 O-O 14. Bxh7+ Kxh7
15. Nf5 Rfe8 1/2-1/2